[Event "DEM U14 2024"]
[Site "Willingen GER"]
[Date "2024.05.19"]
[Round "1"]
[White "Jablonski, Ture"]
[Black "Mündörfer, Sebastian"]
[Result "0-1"]
[Termination "normal"]
[Board "25"]
[WhiteElo "1583"]
[BlackElo "1914"]
[WhiteClock "00:26:20"]
[BlackClock "00:13:02"]
[PlyCount "46"]
[WhiteFideId "34640452"]
[BlackFideId "34604367"]
[EventCountry "GER"]
[EventRounds "9"]
[EventType "swiss"]
[EventDate "2024.05.18"]

1. d4 {[%emt 00:00:04]} Nf6 {[%clk 01:30:53]} {[%emt 00:00:05]} 2. c4 {[%emt
00:00:06]} e6 {[%clk 01:31:15]} {[%emt 00:00:05]} 3. g3 {[%clk 01:31:54]}
{[%emt 00:00:01]} b6 {[%clk 01:29:50]} {[%emt 00:01:56]} 4. Bg2 {[%clk
01:31:41]} {[%emt 00:00:42]} d5 {[%clk 01:30:01]} {[%emt 00:00:20]} 5. Nf3
{[%clk 01:30:23]} {[%emt 00:01:47]} Bb7 {[%clk 01:29:49]} {[%emt 00:00:43]} 6.
Qc2 {[%clk 01:28:44]} {[%emt 00:02:09]} Nbd7 {[%clk 01:28:19]} {[%emt
00:01:59]} 7. Bf4 {[%clk 01:28:17]} {[%emt 00:00:56]} c5 {[%clk 01:24:41]}
{[%emt 00:04:10]} 8. O-O {[%clk 01:28:03]} {[%emt 00:00:42]} Be7 {[%clk
01:23:07]} {[%emt 00:02:05]} 9. Nc3 {[%clk 01:21:00]} {[%emt 00:07:33]} O-O
{[%clk 01:18:45]} {[%emt 00:04:52]} 10. dxc5 {[%clk 01:19:13]} {[%emt
00:02:16]} Nxc5 {[%clk 01:11:44]} {[%emt 00:07:32]} 11. Rfd1 {[%clk 01:19:00]}
{[%emt 00:00:42]} Qc8 {[%clk 01:08:58]} {[%emt 00:03:17]} 12. cxd5 {[%clk
01:11:29]} {[%emt 00:08:02]} Nxd5 {[%clk 01:05:57]} {[%emt 00:03:30]} 13. Ng5
{[%clk 01:11:10]} {[%emt 00:00:49]} Nf6 {[%clk 01:04:52]} {[%emt 00:01:36]} 14.
Be5 {[%clk 01:08:06]} {[%emt 00:03:34]} g6 {[%clk 01:03:32]} {[%emt 00:01:49]}
15. Bxb7 {[%clk 00:44:15]} {[%emt 00:24:19]} Qxb7 {[%clk 01:03:12]} {[%emt
00:00:52]} 16. Nb5 {[%clk 00:43:46]} {[%emt 00:00:54]} Ng4 {[%clk 00:41:16]}
{[%emt 00:22:31]} 17. Nd6 {[%clk 00:41:02]} {[%emt 00:03:14]} Qc6 {[%clk
00:36:37]} {[%emt 00:05:09]} 18. Ngxf7 {[%clk 00:34:03]} {[%emt 00:07:29]} Rxf7
{[%clk 00:26:42]} {[%emt 00:10:26]} 19. Nxf7 {[%clk 00:33:57]} {[%emt
00:00:35]} Kxf7 {[%clk 00:27:06]} {[%emt 00:00:06]} 20. Bd4 {[%clk 00:31:46]}
{[%emt 00:02:41]} e5 {[%clk 00:18:22]} {[%emt 00:09:14]} 21. Bc3 {[%clk
00:30:30]} {[%emt 00:01:45]} Ne4 {[%clk 00:16:03]} {[%emt 00:02:50]} 22. Rd3
{[%clk 00:26:21]} {[%emt 00:04:39]} Nexf2 {[%clk 00:12:37]} {[%emt 00:03:57]}
23. Rf1 {[%clk 00:26:20]} {[%emt 00:00:30]} Qh1# {[%clk 00:13:02]} {[%emt
00:00:05]} 0-1

[Event "DEM U14 2024"]
[Site "Willingen GER"]
[Date "2024.05.20"]
[Round "3"]
[White "Malinowsky, Levi"]
[Black "Besou, Hussain"]
[Result "0-1"]
[Termination "normal"]
[Board "1"]
[WhiteTitle "CM"]
[BlackTitle "FM"]
[WhiteElo "1990"]
[BlackElo "2260"]
[WhiteClock "00:05:19"]
[BlackClock "00:13:29"]
[PlyCount "100"]
[WhiteFideId "16253094"]
[BlackFideId "16269950"]
[EventCountry "GER"]
[EventRounds "9"]
[EventType "swiss"]
[EventDate "2024.05.18"]

1. e4 {[%clk 01:30:58]} {[%emt 00:00:02]} c5 {[%clk 01:30:54]} {[%emt
00:00:06]} 2. Nf3 {[%clk 01:31:23]} {[%emt 00:00:05]} d6 {[%clk 01:31:20]}
{[%emt 00:00:05]} 3. Bb5+ {[%clk 01:31:11]} {[%emt 00:00:41]} Nd7 {[%clk
01:31:43]} {[%emt 00:00:07]} 4. d4 {[%clk 01:31:21]} {[%emt 00:00:20]} cxd4
{[%clk 01:32:04]} {[%emt 00:00:10]} 5. Qxd4 {[%clk 01:31:35]} {[%emt 00:00:15]}
Ngf6 {[%clk 01:31:18]} {[%emt 00:01:15]} 6. O-O {[%clk 01:29:45]} {[%emt
00:02:21]} g6 {[%clk 01:24:20]} {[%emt 00:07:28]} 7. c4 {[%clk 01:26:46]}
{[%emt 00:03:29]} Bg7 {[%clk 01:23:57]} {[%emt 00:00:53]} 8. Bxd7+ {[%clk
01:24:06]} {[%emt 00:03:10]} Bxd7 {[%clk 01:24:13]} {[%emt 00:00:14]} 9. Nc3
{[%clk 01:24:23]} {[%emt 00:00:13]} O-O {[%clk 01:24:21]} {[%emt 00:00:22]} 10.
Qd3 {[%clk 01:23:02]} {[%emt 00:01:51]} Bc6 {[%clk 01:21:50]} {[%emt 00:03:00]}
11. Nd4 {[%clk 01:19:24]} {[%emt 00:04:09]} Nd7 {[%clk 01:18:12]} {[%emt
00:04:08]} 12. Be3 {[%clk 01:17:54]} {[%emt 00:01:59]} a5 {[%clk 01:14:06]}
{[%emt 00:04:37]} 13. Rfd1 {[%clk 01:11:41]} {[%emt 00:06:43]} a4 {[%clk
01:11:15]} {[%emt 00:03:22]} 14. b4 {[%clk 01:06:57]} {[%emt 00:05:13]} axb3
{[%clk 01:04:48]} {[%emt 00:06:57]} 15. axb3 {[%clk 01:07:12]} {[%emt
00:00:14]} Rxa1 {[%clk 00:57:56]} {[%emt 00:07:23]} 16. Rxa1 {[%clk 01:07:29]}
{[%emt 00:00:13]} Nc5 {[%clk 00:58:22]} {[%emt 00:00:04]} 17. Qc2 {[%clk
01:02:23]} {[%emt 00:05:37]} Qb6 {[%clk 00:56:57]} {[%emt 00:01:54]} 18. Rb1
{[%clk 00:58:35]} {[%emt 00:04:17]} Qb4 {[%clk 00:49:09]} {[%emt 00:08:18]} 19.
f3 {[%clk 00:51:54]} {[%emt 00:07:11]} Ra8 {[%clk 00:47:44]} {[%emt 00:01:57]}
20. Ncb5 {[%clk 00:45:27]} {[%emt 00:06:56]} Bxb5 {[%clk 00:47:07]} {[%emt
00:01:06]} 21. Nxb5 {[%clk 00:45:48]} {[%emt 00:00:09]} Ra1 {[%clk 00:47:19]}
{[%emt 00:00:18]} 22. Bxc5 {[%clk 00:35:52]} {[%emt 00:10:27]} Qxc5+ {[%clk
00:47:28]} {[%emt 00:00:20]} 23. Kf1 {[%clk 00:35:50]} {[%emt 00:00:32]} Ra8
{[%clk 00:41:28]} {[%emt 00:06:31]} 24. Rd1 {[%clk 00:31:59]} {[%emt 00:04:20]}
Qh5 {[%clk 00:36:49]} {[%emt 00:05:10]} 25. h3 {[%clk 00:27:50]} {[%emt
00:04:38]} Qe5 {[%clk 00:35:22]} {[%emt 00:01:57]} 26. Kg1 {[%clk 00:26:09]}
{[%emt 00:02:10]} Bh6 {[%clk 00:32:46]} {[%emt 00:03:07]} 27. Qc3 {[%clk
00:23:33]} {[%emt 00:03:06]} Qc5+ {[%clk 00:31:15]} {[%emt 00:02:00]} 28. Kh1
{[%clk 00:23:36]} {[%emt 00:00:28]} Ra2 {[%clk 00:30:28]} {[%emt 00:01:17]} 29.
Qd4 {[%clk 00:16:46]} {[%emt 00:07:19]} Qg5 {[%clk 00:30:12]} {[%emt 00:00:46]}
30. Qg1 {[%clk 00:16:11]} {[%emt 00:01:06]} Bg7 {[%clk 00:28:07]} {[%emt
00:02:35]} 31. c5 {[%clk 00:13:43]} {[%emt 00:02:58]} Qxc5 {[%clk 00:26:02]}
{[%emt 00:02:34]} 32. Qxc5 {[%clk 00:13:44]} {[%emt 00:00:30]} dxc5 {[%clk
00:26:29]} {[%emt 00:00:03]} 33. Rd8+ {[%clk 00:10:12]} {[%emt 00:04:02]} Bf8
{[%clk 00:26:53]} {[%emt 00:00:06]} 34. Rd3 {[%clk 00:09:50]} {[%emt 00:00:51]}
Bh6 {[%clk 00:26:17]} {[%emt 00:01:06]} 35. Kg1 {[%clk 00:09:18]} {[%emt
00:01:03]} Bf4 {[%clk 00:25:54]} {[%emt 00:00:52]} 36. Nc3 {[%clk 00:08:59]}
{[%emt 00:00:50]} Rb2 {[%clk 00:25:21]} {[%emt 00:01:03]} 37. Nd5 {[%clk
00:08:24]} {[%emt 00:01:06]} Bg3 {[%clk 00:25:45]} {[%emt 00:00:05]} 38. Kf1
{[%clk 00:08:23]} {[%emt 00:00:29]} Rf2+ {[%clk 00:23:10]} {[%emt 00:03:07]}
39. Kg1 {[%clk 00:08:24]} {[%emt 00:00:28]} Re2 {[%clk 00:23:32]} {[%emt
00:00:09]} 40. Rd1 {[%clk 00:08:32]} {[%emt 00:00:22]} Rb2 {[%clk 00:21:24]}
{[%emt 00:02:38]} 41. Nxe7+ {[%clk 00:07:14]} {[%emt 00:01:48]} Kf8 {[%clk
00:21:47]} {[%emt 00:00:07]} 42. Nd5 {[%clk 00:07:12]} {[%emt 00:00:31]} Rxb3
{[%clk 00:22:08]} {[%emt 00:00:10]} 43. Nf6 {[%clk 00:07:21]} {[%emt 00:00:21]}
Kg7 {[%clk 00:20:43]} {[%emt 00:01:54]} 44. Ne8+ {[%clk 00:07:20]} {[%emt
00:00:32]} Kh6 {[%clk 00:20:55]} {[%emt 00:00:18]} 45. Nf6 {[%clk 00:07:01]}
{[%emt 00:00:48]} c4 {[%clk 00:20:12]} {[%emt 00:01:14]} 46. Rc1 {[%clk
00:06:38]} {[%emt 00:00:52]} b5 {[%clk 00:19:32]} {[%emt 00:01:11]} 47. Nd5
{[%clk 00:07:00]} {[%emt 00:00:08]} Be5 {[%clk 00:13:07]} {[%emt 00:06:54]} 48.
Kf2 {[%clk 00:05:47]} {[%emt 00:01:43]} Rb2+ {[%clk 00:13:04]} {[%emt
00:00:33]} 49. Ke3 {[%clk 00:05:07]} {[%emt 00:01:10]} Rxg2 {[%clk 00:13:17]}
{[%emt 00:00:17]} 50. f4 {[%clk 00:05:19]} {[%emt 00:00:19]} Bb2 {[%clk
00:13:29]} {[%emt 00:00:19]} 0-1

[Event "DEM U14 2024"]
[Site "Willingen GER"]
[Date "2024.05.20"]
[Round "3"]
[White "Korchynskyi, Mykola"]
[Black "Xue, Luka"]
[Result "1/2-1/2"]
[Termination "normal"]
[Board "2"]
[WhiteTitle "FM"]
[WhiteElo "2313"]
[BlackElo "2097"]
[WhiteClock "00:09:45"]
[BlackClock "00:08:45"]
[PlyCount "57"]
[WhiteFideId "34138005"]
[BlackFideId "16277252"]
[EventCountry "GER"]
[EventRounds "9"]
[EventType "swiss"]
[EventDate "2024.05.18"]

1. e4 {[%clk 01:30:28]} {[%emt 00:00:32]} e6 {[%clk 01:27:25]} {[%emt
00:03:35]} 2. d4 {[%clk 01:25:57]} {[%emt 00:05:00]} d5 {[%clk 01:26:42]}
{[%emt 00:01:13]} 3. Nc3 {[%clk 01:26:15]} {[%emt 00:00:12]} Nf6 {[%clk
01:27:08]} {[%emt 00:00:04]} 4. Bg5 {[%clk 01:26:35]} {[%emt 00:00:09]} dxe4
{[%clk 01:27:21]} {[%emt 00:00:18]} 5. Nxe4 {[%clk 01:26:57]} {[%emt 00:00:08]}
Be7 {[%clk 01:27:50]} {[%emt 00:00:01]} 6. Nxf6+ {[%clk 01:27:11]} {[%emt
00:00:16]} Bxf6 {[%clk 01:27:34]} {[%emt 00:00:47]} 7. Bxf6 {[%clk 01:27:34]}
{[%emt 00:00:07]} Qxf6 {[%clk 01:28:01]} {[%emt 00:00:03]} 8. Nf3 {[%clk
01:27:50]} {[%emt 00:00:14]} c5 {[%clk 01:28:20]} {[%emt 00:00:11]} 9. Qd3
{[%clk 01:25:32]} {[%emt 00:02:48]} Nc6 {[%clk 01:21:59]} {[%emt 00:06:50]} 10.
O-O-O {[%clk 01:24:42]} {[%emt 00:01:20]} cxd4 {[%clk 01:18:01]} {[%emt
00:04:29]} 11. Qe4 {[%clk 01:17:56]} {[%emt 00:07:15]} O-O {[%clk 00:59:06]}
{[%emt 00:19:25]} 12. Bd3 {[%clk 01:17:06]} {[%emt 00:01:21]} g6 {[%clk
00:57:50]} {[%emt 00:01:46]} 13. Bb5 {[%clk 01:05:21]} {[%emt 00:12:13]} Bd7
{[%clk 00:50:03]} {[%emt 00:08:18]} 14. Nxd4 {[%clk 01:04:20]} {[%emt
00:01:32]} Rac8 {[%clk 00:46:57]} {[%emt 00:03:36]} 15. Nf3 {[%clk 00:56:39]}
{[%emt 00:08:10]} Rfd8 {[%clk 00:42:02]} {[%emt 00:05:25]} 16. Rd2 {[%clk
00:49:55]} {[%emt 00:07:14]} a6 {[%clk 00:40:14]} {[%emt 00:02:18]} 17. Rhd1
{[%clk 00:45:30]} {[%emt 00:04:54]} Be8 {[%clk 00:34:41]} {[%emt 00:06:05]} 18.
Be2 {[%clk 00:37:31]} {[%emt 00:08:27]} Rxd2 {[%clk 00:26:15]} {[%emt
00:08:58]} 19. Rxd2 {[%clk 00:37:19]} {[%emt 00:00:42]} Rd8 {[%clk 00:25:03]}
{[%emt 00:01:40]} 20. Rxd8 {[%clk 00:36:24]} {[%emt 00:01:26]} Nxd8 {[%clk
00:24:44]} {[%emt 00:00:50]} 21. Qe3 {[%clk 00:33:39]} {[%emt 00:03:15]} Bc6
{[%clk 00:23:43]} {[%emt 00:01:29]} 22. a3 {[%clk 00:31:43]} {[%emt 00:02:26]}
Kg7 {[%clk 00:22:04]} {[%emt 00:02:10]} 23. Kb1 {[%clk 00:31:32]} {[%emt
00:00:42]} Qf5 {[%clk 00:16:57]} {[%emt 00:05:36]} 24. h3 {[%clk 00:22:12]}
{[%emt 00:09:50]} Qe4 {[%clk 00:13:37]} {[%emt 00:03:49]} 25. Qd2 {[%clk
00:22:00]} {[%emt 00:00:43]} Qd5 {[%clk 00:13:11]} {[%emt 00:00:56]} 26. Qc3+
{[%clk 00:21:12]} {[%emt 00:01:17]} f6 {[%clk 00:12:50]} {[%emt 00:00:52]} 27.
b3 {[%clk 00:14:50]} {[%emt 00:06:52]} Qd6 {[%clk 00:09:25]} {[%emt 00:03:55]}
28. Kb2 {[%clk 00:14:33]} {[%emt 00:00:46]} e5 {[%clk 00:08:45]} {[%emt
00:01:11]} 29. g3 {[%clk 00:09:45]} {[%emt 00:05:18]} 1/2-1/2

[Event "DEM U14 2024"]
[Site "Willingen GER"]
[Date "2024.05.20"]
[Round "3"]
[White "Albrecht, Neil"]
[Black "Nechitaylo, Nikita"]
[Result "0-1"]
[Termination "normal"]
[Board "3"]
[BlackTitle "CM"]
[WhiteElo "1938"]
[BlackElo "2212"]
[WhiteClock "00:17:41"]
[BlackClock "00:23:51"]
[PlyCount "60"]
[WhiteFideId "34621091"]
[BlackFideId "34138161"]
[EventCountry "GER"]
[EventRounds "9"]
[EventType "swiss"]
[EventDate "2024.05.18"]

1. e4 {[%clk 01:30:58]} {[%emt 00:00:02]} c5 {[%clk 01:30:58]} {[%emt
00:00:03]} 2. Nf3 {[%clk 01:31:22]} {[%emt 00:00:05]} Nc6 {[%clk 01:31:25]}
{[%emt 00:00:04]} 3. d4 {[%clk 01:31:44]} {[%emt 00:00:07]} cxd4 {[%clk
01:31:52]} {[%emt 00:00:03]} 4. Nxd4 {[%clk 01:32:08]} {[%emt 00:00:06]} e5
{[%clk 01:32:21]} {[%emt 00:00:02]} 5. Nb5 {[%clk 01:31:56]} {[%emt 00:00:41]}
d6 {[%clk 01:32:34]} {[%emt 00:00:17]} 6. c4 {[%clk 01:28:59]} {[%emt
00:03:27]} Be6 {[%clk 01:33:00]} {[%emt 00:00:04]} 7. N1c3 {[%clk 01:27:42]}
{[%emt 00:01:46]} a6 {[%clk 01:33:23]} {[%emt 00:00:08]} 8. Na3 {[%clk
01:27:40]} {[%emt 00:00:32]} g6 {[%clk 01:33:38]} {[%emt 00:00:15]} 9. Bd3
{[%clk 01:24:47]} {[%emt 00:03:23]} Bg7 {[%clk 01:32:57]} {[%emt 00:01:11]} 10.
O-O {[%clk 01:22:15]} {[%emt 00:03:01]} Rc8 {[%clk 01:33:21]} {[%emt 00:00:07]}
11. Be3 {[%clk 01:21:23]} {[%emt 00:01:21]} Nf6 {[%clk 01:30:49]} {[%emt
00:03:02]} 12. h3 {[%clk 01:19:37]} {[%emt 00:02:16]} O-O {[%clk 01:30:11]}
{[%emt 00:01:08]} 13. Qd2 {[%clk 01:14:04]} {[%emt 00:06:04]} Nd7 {[%clk
01:22:27]} {[%emt 00:08:14]} 14. Rfd1 {[%clk 01:06:44]} {[%emt 00:07:50]} f5
{[%clk 01:14:20]} {[%emt 00:08:37]} 15. f3 {[%clk 01:00:59]} {[%emt 00:06:14]}
f4 {[%clk 01:04:43]} {[%emt 00:10:08]} 16. Bf2 {[%clk 01:01:11]} {[%emt
00:00:17]} Qg5 {[%clk 00:55:59]} {[%emt 00:09:15]} 17. Kh2 {[%clk 00:50:18]}
{[%emt 00:11:22]} Nf6 {[%clk 00:38:02]} {[%emt 00:18:27]} 18. Bf1 {[%clk
00:44:36]} {[%emt 00:06:12]} Rcd8 {[%clk 00:38:02]} {[%emt 00:00:30]} 19. Nd5
{[%clk 00:39:22]} {[%emt 00:05:44]} Qh5 {[%clk 00:31:15]} {[%emt 00:07:17]} 20.
b4 {[%clk 00:35:16]} {[%emt 00:04:37]} g5 {[%clk 00:25:52]} {[%emt 00:05:52]}
21. b5 {[%clk 00:32:15]} {[%emt 00:03:31]} axb5 {[%clk 00:25:08]} {[%emt
00:01:14]} 22. Nxb5 {[%clk 00:25:00]} {[%emt 00:07:45]} g4 {[%clk 00:22:33]}
{[%emt 00:03:05]} 23. Nxf6+ {[%clk 00:21:01]} {[%emt 00:04:29]} Rxf6 {[%clk
00:22:06]} {[%emt 00:00:57]} 24. Bb6 {[%clk 00:19:45]} {[%emt 00:01:46]} gxh3
{[%clk 00:21:12]} {[%emt 00:01:25]} 25. Bxd8 {[%clk 00:16:53]} {[%emt
00:03:22]} hxg2+ {[%clk 00:21:40]} {[%emt 00:00:02]} 26. Kxg2 {[%clk 00:17:07]}
{[%emt 00:00:14]} Qg5+ {[%clk 00:22:07]} {[%emt 00:00:04]} 27. Kf2 {[%clk
00:17:06]} {[%emt 00:00:31]} Qg3+ {[%clk 00:22:36]} {[%emt 00:00:02]} 28. Ke2
{[%clk 00:16:58]} {[%emt 00:00:37]} Bxc4+ {[%clk 00:23:03]} {[%emt 00:00:04]}
29. Qd3 {[%clk 00:17:15]} {[%emt 00:00:13]} Bxd3+ {[%clk 00:23:26]} {[%emt
00:00:06]} 30. Rxd3 {[%clk 00:17:41]} {[%emt 00:00:04]} Nxd8 {[%clk 00:23:51]}
{[%emt 00:00:05]} 0-1

[Event "DEM U14 2024"]
[Site "Willingen GER"]
[Date "2024.05.20"]
[Round "3"]
[White "Mohylnyi, Stepan"]
[Black "Derr, Oleg"]
[Result "1-0"]
[Termination "normal"]
[Board "4"]
[WhiteElo "2140"]
[BlackElo "1946"]
[WhiteClock "00:02:10"]
[BlackClock "00:21:50"]
[PlyCount "83"]
[WhiteFideId "34127836"]
[BlackFideId "34611517"]
[EventCountry "GER"]
[EventRounds "9"]
[EventType "swiss"]
[EventDate "2024.05.18"]

1. e4 {[%clk 01:30:40]} {[%emt 00:00:20]} c5 {[%clk 01:30:55]} {[%emt
00:00:06]} 2. Nf3 {[%clk 01:31:03]} {[%emt 00:00:06]} Nc6 {[%clk 01:31:21]}
{[%emt 00:00:04]} 3. d4 {[%clk 01:31:26]} {[%emt 00:00:07]} cxd4 {[%clk
01:31:47]} {[%emt 00:00:04]} 4. Nxd4 {[%clk 01:31:52]} {[%emt 00:00:03]} Nf6
{[%clk 01:32:11]} {[%emt 00:00:06]} 5. Nc3 {[%clk 01:32:13]} {[%emt 00:00:10]}
e6 {[%clk 01:32:33]} {[%emt 00:00:09]} 6. a3 {[%clk 01:31:24]} {[%emt
00:01:18]} d5 {[%clk 01:32:47]} {[%emt 00:00:16]} 7. exd5 {[%clk 01:30:45]}
{[%emt 00:01:09]} exd5 {[%clk 01:33:12]} {[%emt 00:00:05]} 8. Bb5 {[%clk
01:25:38]} {[%emt 00:05:37]} Bd7 {[%clk 01:33:21]} {[%emt 00:00:22]} 9. O-O
{[%clk 01:25:38]} {[%emt 00:00:30]} Be7 {[%clk 01:32:19]} {[%emt 00:01:31]} 10.
h3 {[%clk 01:14:20]} {[%emt 00:11:48]} O-O {[%clk 01:31:36]} {[%emt 00:01:11]}
11. Be3 {[%clk 01:14:25]} {[%emt 00:00:27]} a6 {[%clk 01:30:45]} {[%emt
00:01:21]} 12. Be2 {[%clk 01:12:09]} {[%emt 00:02:45]} Rc8 {[%clk 01:24:06]}
{[%emt 00:07:10]} 13. Re1 {[%clk 01:09:28]} {[%emt 00:03:11]} Ne5 {[%clk
01:22:28]} {[%emt 00:02:08]} 14. Nf3 {[%clk 01:04:53]} {[%emt 00:05:05]} Nxf3+
{[%clk 01:15:14]} {[%emt 00:07:44]} 15. Bxf3 {[%clk 01:04:27]} {[%emt
00:00:55]} Bf5 {[%clk 01:15:32]} {[%emt 00:00:12]} 16. Bd4 {[%clk 00:41:08]}
{[%emt 00:23:49]} Bc5 {[%clk 01:12:08]} {[%emt 00:03:54]} 17. Bxf6 {[%clk
00:17:27]} {[%emt 00:24:12]} Qxf6 {[%clk 01:12:31]} {[%emt 00:00:06]} 18. Qxd5
{[%clk 00:17:21]} {[%emt 00:00:37]} Bxc2 {[%clk 01:08:58]} {[%emt 00:04:02]}
19. Re2 {[%clk 00:14:34]} {[%emt 00:03:18]} Qg6 {[%clk 01:03:39]} {[%emt
00:05:49]} 20. Rc1 {[%clk 00:13:35]} {[%emt 00:01:29]} Bf5 {[%clk 01:02:03]}
{[%emt 00:02:06]} 21. Kh1 {[%clk 00:12:10]} {[%emt 00:01:55]} b6 {[%clk
00:56:14]} {[%emt 00:06:18]} 22. Rd1 {[%clk 00:07:09]} {[%emt 00:05:31]} h6
{[%clk 00:50:43]} {[%emt 00:06:01]} 23. Qd2 {[%clk 00:06:28]} {[%emt 00:01:11]}
a5 {[%clk 00:49:19]} {[%emt 00:01:55]} 24. Na4 {[%clk 00:06:03]} {[%emt
00:00:55]} Qf6 {[%clk 00:43:40]} {[%emt 00:06:08]} 25. Qf4 {[%clk 00:02:43]}
{[%emt 00:03:51]} g5 {[%clk 00:39:27]} {[%emt 00:04:43]} 26. Qg3 {[%clk
00:02:13]} {[%emt 00:01:01]} Bd4 {[%clk 00:37:22]} {[%emt 00:02:34]} 27. Be4
{[%clk 00:00:54]} {[%emt 00:01:49]} Bd7 {[%clk 00:34:13]} {[%emt 00:03:39]} 28.
Qd3 {[%clk 00:00:48]} {[%emt 00:00:35]} Be5 {[%clk 00:33:30]} {[%emt 00:01:13]}
29. Nxb6 {[%clk 00:00:33]} {[%emt 00:00:46]} Qxb6 {[%clk 00:29:57]} {[%emt
00:04:02]} 30. Bh7+ {[%clk 00:01:03]} Kh8 {[%clk 00:30:16]} {[%emt 00:00:12]}
31. Rxe5 {[%clk 00:01:32]} {[%emt 00:00:01]} Ba4 {[%clk 00:30:28]} {[%emt
00:00:17]} 32. Qd4 {[%clk 00:01:37]} {[%emt 00:00:25]} Qf6 {[%clk 00:28:58]}
{[%emt 00:01:58]} 33. Rxa5 {[%clk 00:01:41]} {[%emt 00:00:29]} Qxd4 {[%clk
00:26:13]} {[%emt 00:03:15]} 34. Rxd4 {[%clk 00:02:03]} {[%emt 00:00:08]} Kxh7
{[%clk 00:26:37]} {[%emt 00:00:06]} 35. Raxa4 {[%clk 00:01:52]} {[%emt
00:00:42]} Rc2 {[%clk 00:26:46]} {[%emt 00:00:20]} 36. b4 {[%clk 00:01:24]}
{[%emt 00:00:57]} Rxf2 {[%clk 00:27:09]} {[%emt 00:00:06]} 37. b5 {[%clk
00:01:06]} {[%emt 00:00:49]} Ra2 {[%clk 00:23:22]} {[%emt 00:04:17]} 38. b6
{[%clk 00:01:02]} {[%emt 00:00:35]} Rc8 {[%clk 00:21:44]} {[%emt 00:02:07]} 39.
b7 {[%clk 00:01:18]} {[%emt 00:00:14]} Rc1+ {[%clk 00:22:04]} {[%emt 00:00:10]}
40. Kh2 {[%clk 00:01:45]} {[%emt 00:00:03]} Rcc2 {[%clk 00:22:17]} {[%emt
00:00:18]} 41. Rg4 {[%clk 00:02:08]} {[%emt 00:00:06]} Rcb2 {[%clk 00:21:50]}
{[%emt 00:00:57]} 42. Rab4 {[%clk 00:02:10]} {[%emt 00:00:29]} 1-0